| 000 | 00898nam a22002777a 4500 | ||
|---|---|---|---|
| 001 | BR8702370 | ||
| 003 | BR-BrBNA | ||
| 005 | 20230928092456.0 | ||
| 007 | ta | ||
| 008 | 230509b bl.||||| |||| 00| 0 por d | ||
| 040 |
_aBR-BrBNA _bpor _cBiblioteca Nacional de Agricultura |
||
| 041 | _a(Por) | ||
| 072 |
_aM12; N10 _b/G514 |
||
| 090 | _ M12 BR8702370 | ||
| 100 | 1 | _aRodrigues, P. de T.R. | |
| 100 | 1 | _aSouza, D.O. de | |
| 110 | 1 |
_aAssociacao de Credito e Assistencia Pesqueira de Santa Catarina, Florianopolis (Brasil) _9414 |
|
| 245 | 1 | _aNormas tecnicas para construcao de viveiros para piscicultura [Brasil] | |
| 260 | 3 |
_aFlorianopolis, SC (Brasil): _c1985. |
|
| 300 | _a42 p. | ||
| 500 | _a34 illus.; 8 ref. (*) Documento disponível na(o) CEAGRI, Florianopolis, SC (Brazil) | ||
| 650 | _aPISCICULTURA | ||
| 650 | _aTANQUE | ||
| 909 |
_a202309 _bLucia _c55 _dLucia Elande |
||
| 942 | _cBK | ||
| 999 |
_c39286 _d39286 |
||